[Event "1st Lasker Memorial GM 2019"]
[Site "Anogia"]
[Date "2019.09.12"]
[Round "2.5"]
[White "Alexakis, Dimitrios"]
[Black "Nikolaidis, Ioannis"]
[Result "1/2-1/2"]
[WhiteElo "2077"]
[BlackElo "2530"]
[Annotator "ChessBase"]
[PlyCount "32"]
[EventDate "2019.09.11"]
[EventType "tourn"]
[EventCountry "GRE"]
[SourceTitle "playchess.com"]
[Source "ChessBase"]
[SourceQuality "1"]
[TimeControl "40/5400+30:1800+30"]

1. e4 {[%emt 0:05:29]} e5 {[%emt 0:01:10]} 2. Nf3 {[%emt 0:00:10]} Nc6 {[%emt 0:00:40]} 3. Bb5 {[%emt 0:00:42]} a6 {[%emt 0:00:54]} 4. Ba4 {[%emt 0:00:05]} Nf6 {[%emt 0:00:29]} 5. O-O {[%emt 0:00:08]} Be7 {[%emt 0:02:13]} 6. Re1 {[%emt 0:00:08]} b5 {[%emt 0:00:17]} 7. Bb3 {[%emt 0:00:04]} d6 {[%emt 0:00:04]} 8. c3 {[%emt 0:00:34]} O-O {[%emt 0:00:15]} 9. d3 {[%emt 0:10:21]} Na5 {[%emt 0:08:40]} 10. Bc2 {[%emt 0:00:02]} c5 {[%emt 0:00:04]} 11. Nbd2 {[%emt 0:00:10]} Re8 {[%emt 0:00:49]} 12. Nf1 {[%emt 0:00:27]} h6 {[%emt 0:03:24]} 13. Ng3 {[%emt 0:03:01]} Nc6 {[%emt 0:02:56]} 14. Bb3 {[%emt 0:05:41]} Na5 {[%emt 0:01:13]} 15. Bc2 {[%emt 0:00:09]} Nc6 {[%emt 0:00:56]} 16. Bb3 {[%emt 0:00:15]} Na5 {[%emt 0:00:06]} 1/2-1/2

[Event "1st Lasker Memorial GM 2019"]
[Site "Anogia"]
[Date "2019.09.13"]
[Round "3.1"]
[White "Hristodoulou, Panagiotis"]
[Black "Avramidou, Anastasia"]
[Result "1/2-1/2"]
[WhiteElo "2280"]
[BlackElo "2249"]
[Annotator "NA"]
[PlyCount "83"]
[EventDate "2019.09.11"]
[EventType "tourn"]
[EventCountry "GRE"]
[SourceTitle "playchess.com"]
[Source "ChessBase"]
[SourceQuality "1"]
[TimeControl "40/5400+30:1800+30"]

1. e4 {[%emt 0:00:00]} d6 {[%emt 0:05:53]} 2. d4 {[%emt 0:00:00]} Nf6 {[%emt 0:00:09]} 3. Nc3 {[%emt 0:00:00]} e5 {[%emt 0:00:06]} 4. Nge2 {[%emt 0:13:30]} exd4 {[%emt 0:00:35]} 5. Nxd4 {[%emt 0:00:06]} Be7 {[%emt 0:00:14]} 6. g3 {[%emt 0:03:38]} O-O {[%emt 0:00:18]} 7. Bg2 {[%emt 0:00:02]} Re8 {[%emt 0:00:24]} 8. O-O {[%emt 0:00:11]} Bf8 {[%emt 0:01:43]} 9. h3 {[%emt 0:02:01]} c6 {[%emt 0:05:43]} 10. Re1 {[%emt 0:12:23]} Nbd7 {[%emt 0:05:35]} 11. a4 {[%emt 0:01:54]} a5 {[%emt 0:00:41]} 12. Bf4 {[%emt 0:09:04]} Ne5 {[%emt 0:00:58]} 13. b3 {[%emt 0:02:59]} g6 {[%emt 0:14:46]} 14. Qd2 {[%emt 0:01:40]} Nh5 {[%emt 0:06:00]} 15. Bg5 {[%emt 0:01:41]} f6 {[%emt 0:00:25]} 16. Bh6 {[%emt 0:01:30]} Ng7 {[%emt 0:08:31]} 17. Rad1 {[%emt 0:02:20]} Bd7 {[%emt 0:04:24]} 18. Kh2 {[%emt 0:07:48]} Qc7 {[%emt 0:06:50]} 19. Be3 {[%emt 0:01:39]} Rad8 {[%emt 0:00:21]} 20. f4 {[%emt 0:01:06]} Nf7 {[%emt 0:00:09]} 21. Qf2 {[%emt 0:05:59]} Rb8 {[%emt 0:02:25]} 22. g4 {[%emt 0:07:33]} b6 {[%emt 0:04:09]} 23. Kh1 {[%emt 0:00:42]} Qc8 {[%emt 0:05:43]} 24. Nf3 {[%emt 0:03:13]} Qc7 {[%emt 0:01:09]} 25. Nd4 {[%emt 0:00:19]} Qc8 {[%emt 0:00:05]} 26. Nf3 {[%emt 0:00:14]} Qc7 {[%emt 0:00:04]} 27. Nd2 {[%emt 0:00:07]} Ne6 {[%emt 0:03:43]} 28. f5 {[%emt 0:00:55]} Nc5 {[%emt 0:05:09]} 29. fxg6 {[%emt 0:06:21]} hxg6 {[%emt 0:00:07]} 30. Bd4 {[%emt 0:00:29]} Ne5 {[%emt 0:00:06]} 31. Qxf6 {[%emt 0:02:05]} Bg7 {[%emt 0:01:43]} 32. Qh4 {[%emt 0:00:55]} Ne6 {[%emt 0:05:58]} 33. Be3 {[%emt 0:00:51]} Rf8 {[%emt 0:02:24]} 34. Ne2 {[%emt 0:01:32]} g5 {[%emt 0:02:37]} 35. Bxg5 {[%emt 0:08:29]} Ng6 {[%emt 0:00:07]} 36. Qh5 {[%emt 0:00:02]} Be8 {[%emt 0:00:23]} 37. Be3 {[%emt 0:00:03]} Qe7 {[%emt 0:02:34]} 38. g5 {[%emt 0:01:22]} Nef4 {[%emt 0:05:09]} 39. Nxf4 {[%emt 0:02:04]} Nxf4 {[%emt 0:00:07]} 40. Qh4 {[%emt 0:00:00]} Nxg2 {[%emt 0:00:00]} 41. Kxg2 {[%emt 0:02:13]} Bg6 {[%emt 0:01:50]} 42. Rf1 {[%emt 0:19:31]} 1/2-1/2

[Event "1st Lasker Memorial GM 2019"]
[Site "Anogia"]
[Date "2019.09.13"]
[Round "3.2"]
[White "Delchev, Aleksander"]
[Black "Beerdsen, Thomas"]
[Result "1-0"]
[WhiteElo "2568"]
[BlackElo "2482"]
[Annotator "ChessBase"]
[PlyCount "81"]
[EventDate "2019.09.11"]
[EventType "tourn"]
[EventCountry "GRE"]
[SourceTitle "playchess.com"]
[Source "ChessBase"]
[SourceQuality "1"]
[TimeControl "40/5400+30:1800+30"]

1. d4 {[%emt 0:02:36]} f5 {[%emt 0:00:00]} 2. Bg5 {[%emt 0:02:48]} h6 {[%emt 0:00:00]} 3. Bh4 {[%emt 0:00:22]} g5 {[%emt 0:00:00]} 4. e3 {[%emt 0:01:03]} Nf6 {[%emt 0:00:00]} 5. Bg3 {[%emt 0:00:16]} d6 {[%emt 0:00:00]} 6. h4 {[%emt 0:00:14]} Rg8 {[%emt 0:00:00]} 7. hxg5 {[%emt 0:00:07]} hxg5 {[%emt 0:00:03]} 8. Nc3 {[%emt 0:00:17]} e6 {[%emt 0:00:40]} 9. Qd2 {[%emt 0:06:43]} Qe7 {[%emt 0:01:24]} 10. f3 {[%emt 0:00:17]} Nc6 {[%emt 0:04:02]} 11. O-O-O {[%emt 0:02:27]} Bd7 {[%emt 0:03:26]} 12. e4 {[%emt 0:02:41]} f4 {[%emt 0:14:38]} 13. Bf2 {[%emt 0:00:03]} a6 {[%emt 0:01:31]} 14. Nge2 {[%emt 0:05:02]} Bg7 {[%emt 0:10:31]} 15. g3 {[%emt 0:21:01]} e5 {[%emt 0:13:33]} 16. gxf4 {[%emt 0:10:16]} gxf4 {[%emt 0:03:46]} 17. dxe5 {[%emt 0:16:58]} Nxe5 {[%emt 0:06:44]} 18. Nxf4 {[%emt 0:03:11]} O-O-O {[%emt 0:03:53]} 19. Qe3 {[%emt 0:05:47]} c5 {[%emt 0:04:50]} 20. Be2 {[%emt 0:07:41]} Bc6 {[%emt 0:01:40]} 21. Nfd5 {[%emt 0:04:39]} Qf7 {[%emt 0:00:37]} 22. Bh4 {[%emt 0:01:25]} Bxd5 {[%emt 0:01:58]} 23. exd5 {[%emt 0:01:00]} Rde8 {[%emt 0:01:48]} 24. Qd2 {[%emt 0:00:39]} Nh5 {[%emt 0:03:30]} 25. Ne4 {[%emt 0:00:33]} Kc7 {[%emt 0:01:21]} 26. Bg5 {[%emt 0:00:34]} Nxf3 {[%emt 0:04:11]} 27. Qa5+ {[%emt 0:01:08]} b6 {[%emt 0:09:09]} 28. Qxa6 {[%emt 0:01:07]} Ra8 {[%emt 0:01:27]} 29. Qb7+ {[%emt 0:02:12]} Kxb7 {[%emt 0:00:05]} 30. Nxd6+ {[%emt 0:00:02]} Kc7 {[%emt 0:01:34]} 31. Nxf7 {[%emt 0:00:04]} Nxg5 {[%emt 0:00:19]} 32. d6+ {[%emt 0:00:30]} Kd7 {[%emt 0:01:48]} 33. Bb5+ {[%emt 0:00:32]} Kc8 {[%emt 0:00:16]} 34. d7+ {[%emt 0:01:06]} Kc7 {[%emt 0:00:04]} 35. Nxg5 {[%emt 0:00:11]} Bxb2+ {[%emt 0:01:12]} 36. Kxb2 {[%emt 0:00:03]} Rxg5 {[%emt 0:00:05]} 37. Rhe1 {[%emt 0:00:07]} Rd8 {[%emt 0:01:10]} 38. Re6 {[%emt 0:00:04]} Nf4 {[%emt 0:02:08]} 39. Rc6+ {[%emt 0:00:04]} Kb7 {[%emt 0:00:03]} 40. Rdd6 {[%emt 0:00:00]} Nd5 {[%emt 0:00:00]} 41. Rc8 {[%emt 0:01:14]} 1-0

[Event "1st Lasker Memorial GM 2019"]
[Site "Anogia"]
[Date "2019.09.13"]
[Round "3.3"]
[White "Bronstein, Or"]
[Black "Rozentalis, Eduardas"]
[Result "1/2-1/2"]
[WhiteElo "2404"]
[BlackElo "2533"]
[Annotator "TA"]
[PlyCount "177"]
[EventDate "2019.09.11"]
[EventType "tourn"]
[EventCountry "GRE"]
[SourceTitle "playchess.com"]
[Source "ChessBase"]
[SourceQuality "1"]

{[%evp 13,177,6,12,0,30,24,26,22,20,21,21,21,21,19,25,27,27,27,27,29,28,27,43,28,51,43,59,61,62,52,57,33,81,41,93,67,109,109,147,142,133,125,124,79,93,73,106,78,99,100,154,150,169,166,194,111,154,157,148,120,152,88,87,68,137,140,138,129,168,181,178,168,167,168,168,173,168,168,168,168,168,160,168,160,160,160,160,160,173,168,160,160,160,160,159,159,159,157,157,153,152,0,153,152,151,103,158,159,181,181,181,181,184,159,184,184,184,184,184,159,159,36,36,36,36,0,36,10,14,15,15,16,16,16,16,16,17,17,17,17,18,0,18,18,18,18,18,0,19,19,19,19,35,45,52,56,95,0,95,0,17,19,45,0,118,0]} 1. Nf3 e6 2. c4 Nf6 3. g3 b6 4. Bg2 Bb7 5. O-O Be7 6. d4 O-O 7. Re1 Na6 8. a3 {E17: Queen's Indian: 4 g3 Bb7 5 Bg2 Be7} (8. h4 Re8 9. Nc3 Ne4 10. Bd2 c5 11. d5 exd5 12. cxd5 Bf6 13. Nxe4 Rxe4 14. Ng5 Rd4 15. Qc2 g6 16. Bc3 Nb4 17. Qb3 a5 18. Bxd4 Bxd4 19. d6 Qf6 20. Bxb7 {1-0 (20) Ding,L (2805)-Rapport,R (2747) Saint Louis 2019}) 8... c5 9. d5 exd5 10. Nh4 $1 {White has an edge.} Ne4 11. cxd5 Bxh4 12. Bxe4 Bf6 13. Qc2 h6 14. Nc3 {[#]} d6 $146 ({Predecessor:} 14... Nc7 15. d6 Bxe4 16. Qxe4 {½-½ (47) Sargsyan,S (2481)-Bologan,V (2600) Batumi 2018}) 15. Bf4 Nc7 16. Rad1 Re8 17. Bg2 Bg5 18. Bd2 b5 19. b4 {Black must now prevent bxc5.} cxb4 20. axb4 Bxd2 21. Qxd2 a5 22. Rb1 Qd7 23. Qd4 axb4 ({Black should try} 23... a4 $14) 24. Qxb4 Ra6 25. e4 (25. Nxb5 $2 Rb6 $19) 25... Ba8 26. Bf1 (26. Nxb5 $6 Rb8 $11) 26... Rb8 27. Rb2 (27. Bxb5 $2 Nxb5 28. f3 (28. Nxb5 $2 Rab6 $19) 28... Rab6 $19) 27... Qd8 28. f4 Qf6 29. Bg2 (29. Nxb5 Nxb5 30. Reb1 (30. Bxb5 Rab6 $17) 30... Rab6 $15) 29... Re8 30. Rbe2 ({Much weaker is} 30. Nxb5 $6 Rb6 $11) 30... Qd8 31. h4 f6 ({Better is} 31... Bb7) 32. Kh2 $16 Qe7 33. Rd1 Qf7 34. Rf2 (34. e5 $18) 34... Qe7 35. Rc2 Rb6 36. Re2 Na6 {[%cal Bc7a6,Ba6c5,Bc5b3][%mdl 32]} 37. Qd4 (37. Qa5 $142 Qb7 38. e5 fxe5 39. fxe5) 37... Nc5 {and if ...b4 works, Black does fine.} 38. Rb1 Reb8 (38... Bb7 $1 $14) 39. Reb2 Qe8 40. Bf1 b4 41. Rxb4 Rxb4 42. Rxb4 Nb3 43. Rxb8 Qxb8 44. Qa4 Nc5 45. Qb5 Qxb5 46. Bxb5 $18 {[%mdl 4096] Endgame KBN-KBN} ({Not} 46. Nxb5 Nxe4 47. Bg2 Bxd5 $11) 46... Bb7 47. Be8 Kf8 48. Bg6 Ba6 49. Kg2 Ke7 50. Kf3 Bd3 51. Ke3 Ba6 52. Na2 Bb5 53. Nb4 Ba4 54. Kd4 Kd7 55. Kc4 Kc7 56. Bf5 Kb6 57. Bg6 Kc7 $1 58. Kc3 Kb6 59. Bf5 Kc7 (59... Bb5 $142 60. Bg6 Ka5) 60. Nc2 $16 Bxc2 61. Kxc2 {KB-KN} Kd8 62. Kc3 Ke7 63. Bg6 Na4+ 64. Kb4 Nc5 65. Kc4 Na4 66. Kb5 Nc3+ {[#]} 67. Kc6 (67. Kb4 $1 $16 {[%cal Rb4c3]} Ne2 68. Kc4) 67... Ne2 $14 68. Kc7 Nc3 $1 69. Kc6 Ne2 70. h5 Nd4+ 71. Kc7 Nb5+ $1 72. Kb6 Nc3 73. Kc6 Ne2 74. Kc7 {aiming for e5!} Nc3 75. Bf5 Nb5+ $1 76. Kb6 Nc3 $1 77. Kc7 Nb5+ $1 78. Kb7 {Threatening Bg4.} Nc3 $1 79. Bg6 Ne2 80. Kc7 {And now e5! would win.} Nc3 81. Bh7 Nb5+ $1 82. Kb6 Nc3 83. Kc6 Ne2 84. Kc7 {e5! is the strong threat.} Nc3 85. Kc6 Ne2 86. Bg6 (86. Bf5 $16) 86... Nd4+ $1 $11 87. Kb6 Ne2 88. Kc7 ({White should play} 88. e5 $14 Kd7 89. Bf5+ Kd8 90. g4 (90. exd6 Nxg3 91. Bg6 Ne2 $11) 90... Nxf4 91. exd6) 88... Nc3 $1 $16 {[#]} 89. Bf5 {Accuracy: White = 57%, Black = 58%.} (89. Kc8 $1 $16) 1/2-1/2

[Event "1st Lasker Memorial GM 2019"]
[Site "Anogia"]
[Date "2019.09.13"]
[Round "3.4"]
[White "Colijn, Stefan"]
[Black "Nikolaidis, Ioannis"]
[Result "1/2-1/2"]
[WhiteElo "2329"]
[BlackElo "2530"]
[Annotator "ChessBase"]
[PlyCount "82"]
[EventDate "2019.09.11"]
[EventType "tourn"]
[EventCountry "GRE"]
[SourceTitle "playchess.com"]
[Source "ChessBase"]
[SourceQuality "1"]
[TimeControl "40/5400+30:1800+30"]

1. d4 {[%emt 0:00:00]} Nf6 {[%emt 0:00:12]} 2. Nf3 {[%emt 0:00:00]} d5 {[%emt 0:00:48]} 3. e3 {[%emt 0:00:00]} c5 {[%emt 0:01:40]} 4. b3 {[%emt 0:03:16]} cxd4 {[%emt 0:00:30]} 5. exd4 {[%emt 0:00:17]} Nc6 {[%emt 0:00:11]} 6. c3 {[%emt 0:01:52]} Bg4 {[%emt 0:02:57]} 7. h3 {[%emt 0:01:39]} Bh5 {[%emt 0:00:12]} 8. Be2 {[%emt 0:01:43]} e6 {[%emt 0:00:20]} 9. O-O {[%emt 0:02:45]} Qc7 {[%emt 0:06:56]} 10. Nbd2 {[%emt 0:04:28]} Bd6 {[%emt 0:00:41]} 11. Re1 {[%emt 0:00:15]} Bg6 {[%emt 0:06:01]} 12. Bb2 {[%emt 0:07:21]} h6 {[%emt 0:02:36]} 13. c4 {[%emt 0:16:46]} O-O {[%emt 0:02:11]} 14. c5 {[%emt 0:02:41]} Bf4 {[%emt 0:08:52]} 15. a3 {[%emt 0:02:26]} a5 {[%emt 0:00:09]} 16. Nf1 {[%emt 0:00:54]} Qe7 {[%emt 0:03:12]} 17. Bd3 {[%emt 0:07:45]} Ne4 {[%emt 0:03:19]} 18. Qc2 {[%emt 0:01:16]} f5 {[%emt 0:07:53]} 19. Bc3 {[%emt 0:04:46]} Bh5 {[%emt 0:02:25]} 20. Be2 {[%emt 0:03:53]} Qf6 {[%emt 0:08:10]} 21. Rad1 {[%emt 0:05:58]} g5 {[%emt 0:03:01]} 22. Ba1 {[%emt 0:07:38]} g4 {[%emt 0:06:40]} 23. N3h2 {[%emt 0:04:04]} Qg7 {[%emt 0:11:04]} 24. Rd3 {[%emt 0:01:30]} Bg6 {[%emt 0:01:44]} 25. Bd1 {[%emt 0:04:30]} h5 {[%emt 0:02:49]} 26. Kh1 {[%emt 0:00:10]} Bh7 {[%emt 0:05:23]} 27. Qb2 {[%emt 0:05:14]} Bc7 {[%emt 0:02:03]} 28. f3 {[%emt 0:00:40]} g3 {[%emt 0:01:14]} 29. fxe4 {[%emt 0:01:36]} fxe4 {[%emt 0:00:29]} 30. Rd2 {[%emt 0:00:50]} gxh2 {[%emt 0:02:54]} 31. Bxh5 {[%emt 0:00:05]} Rf6 {[%emt 0:04:36]} 32. Qc1 {[%emt 0:05:32]} Bf4 {[%emt 0:01:38]} 33. Bg4 {[%emt 0:00:23]} Qh6 {[%emt 0:01:19]} 34. Bc3 {[%emt 0:00:30]} Raf8 {[%emt 0:00:22]} 35. Qd1 {[%emt 0:00:27]} Bxd2 {[%emt 0:00:20]} 36. Bxd2 {[%emt 0:00:05]} Qg7 {[%emt 0:01:05]} 37. Ng3 {[%emt 0:00:15]} Bg6 {[%emt 0:00:43]} 38. Bg5 {[%emt 0:00:25]} Rf5 {[%emt 0:00:46]} 39. Be3 {[%emt 0:00:36]} R5f6 {[%emt 0:00:36]} 40. Bg5 {[%emt 0:00:00]} Rf5 {[%emt 0:00:00]} 41. Be3 {[%emt 0:00:33]} Qf6 {[%emt 0:01:32]} 1/2-1/2

[Event "1st Lasker Memorial GM 2019"]
[Site "Anogia"]
[Date "2019.09.13"]
[Round "3.5"]
[White "Alexakis, Georgios"]
[Black "Alexakis, Dimitrios"]
[Result "0-1"]
[WhiteElo "2175"]
[BlackElo "2077"]
[Annotator "NA"]
[PlyCount "62"]
[EventDate "2019.09.11"]
[EventType "tourn"]
[EventCountry "GRE"]
[SourceTitle "playchess.com"]
[Source "ChessBase"]
[SourceQuality "1"]
[TimeControl "40/5400+30:1800+30"]

1. c4 {[%emt 0:03:31]} e5 {[%emt 0:04:06]} 2. g3 {[%emt 0:00:26]} Nc6 {[%emt 0:00:07]} 3. Bg2 {[%emt 0:00:59]} f5 {[%emt 0:00:41]} 4. Nc3 {[%emt 0:02:05]} Nf6 {[%emt 0:00:11]} 5. d3 {[%emt 0:02:02]} Be7 {[%emt 0:00:09]} 6. Nf3 {[%emt 0:02:20]} O-O {[%emt 0:02:02]} 7. O-O {[%emt 0:02:24]} Qe8 {[%emt 0:00:23]} 8. e3 {[%emt 0:01:20]} d6 {[%emt 0:00:11]} 9. a3 {[%emt 0:02:51]} h6 {[%emt 0:01:28]} 10. b4 {[%emt 0:02:27]} g5 {[%emt 0:01:15]} 11. b5 {[%emt 0:01:33]} Nd8 {[%emt 0:00:27]} 12. a4 {[%emt 0:04:02]} Ne6 {[%emt 0:00:43]} 13. Nd5 {[%emt 0:02:55]} Bd8 {[%emt 0:01:31]} 14. Bb2 {[%emt 0:04:00]} Nh5 {[%emt 0:02:21]} 15. e4 {[%emt 0:03:35]} g4 {[%emt 0:06:06]} 16. Nd2 {[%emt 0:01:37]} f4 {[%emt 0:00:22]} 17. Re1 {[%emt 0:03:25]} c6 {[%emt 0:00:18]} 18. bxc6 {[%emt 0:04:27]} bxc6 {[%emt 0:00:07]} 19. d4 {[%emt 0:04:11]} cxd5 {[%emt 0:02:40]} 20. exd5 {[%emt 0:00:16]} Ng5 {[%emt 0:00:09]} 21. Ne4 {[%emt 0:03:12]} f3 {[%emt 0:12:46]} 22. Nxg5 {[%emt 0:01:19]} Bxg5 {[%emt 0:00:29]} 23. dxe5 {[%emt 0:01:31]} fxg2 {[%emt 0:00:15]} 24. exd6 {[%emt 0:00:16]} Qf7 {[%emt 0:00:15]} 25. Re2 {[%emt 0:00:36]} Bf5 {[%emt 0:00:51]} 26. c5 {[%emt 0:00:52]} Rae8 {[%emt 0:02:04]} 27. Rxe8 {[%emt 0:00:32]} Qxe8 {[%emt 0:00:38]} 28. c6 {[%emt 0:00:14]} Nf6 {[%emt 0:01:55]} 29. d7 {[%emt 0:00:16]} Nxd7 {[%emt 0:00:27]} 30. cxd7 {[%emt 0:00:04]} Qxd7 {[%emt 0:00:13]} 31. Qd4 {[%emt 0:00:44]} Bf6 {[%emt 0:00:20]} 0-1

[Event "1st Lasker Memorial GM 2019"]
[Site "Anogia"]
[Date "2019.09.14"]
[Round "4.1"]
[White "Avramidou, Anastasia"]
[Black "Bronstein, Or"]
[Result "1/2-1/2"]
[WhiteElo "2249"]
[BlackElo "2404"]
[Annotator "NA"]
[PlyCount "51"]
[EventDate "2019.09.11"]
[EventType "tourn"]
[EventCountry "GRE"]
[SourceTitle "playchess.com"]
[Source "ChessBase"]
[SourceQuality "1"]
[TimeControl "40/5400+30:1800+30"]

1. e4 {[%emt 0:04:15]} c5 {[%emt 0:00:00]} 2. Be2 {[%emt 0:00:07]} Nc6 {[%emt 0:04:38]} 3. f4 {[%emt 0:00:14]} g6 {[%emt 0:02:14]} 4. Nf3 {[%emt 0:00:14]} d5 {[%emt 0:01:33]} 5. d3 {[%emt 0:00:12]} Nf6 {[%emt 0:03:07]} 6. e5 {[%emt 0:00:37]} Nh5 {[%emt 0:04:47]} 7. O-O {[%emt 0:06:33]} Bh6 {[%emt 0:06:23]} 8. Ne1 {[%emt 0:24:17]} Ng7 {[%emt 0:02:13]} 9. c3 {[%emt 0:00:20]} f6 {[%emt 0:05:31]} 10. Na3 {[%emt 0:08:27]} O-O {[%emt 0:05:30]} 11. Nf3 {[%emt 0:02:15]} a6 {[%emt 0:05:53]} 12. Nc2 {[%emt 0:02:06]} d4 {[%emt 0:03:00]} 13. Bd2 {[%emt 0:10:49]} b6 {[%emt 0:05:28]} 14. Qe1 {[%emt 0:05:45]} Qd7 {[%emt 0:07:59]} 15. Qh4 {[%emt 0:09:22]} Nf5 {[%emt 0:00:40]} 16. Qh3 {[%emt 0:00:06]} Bg7 {[%emt 0:07:27]} 17. g4 {[%emt 0:05:15]} Ne3 {[%emt 0:02:21]} 18. Bxe3 {[%emt 0:00:31]} dxe3 {[%emt 0:00:13]} 19. Nxe3 {[%emt 0:00:04]} e6 {[%emt 0:04:49]} 20. exf6 {[%emt 0:01:04]} Bxf6 {[%emt 0:00:15]} 21. Ng5 {[%emt 0:00:17]} Bxg5 {[%emt 0:07:39]} 22. fxg5 {[%emt 0:00:08]} Bb7 {[%emt 0:00:03]} 23. Rxf8+ {[%emt 0:02:11]} Rxf8 {[%emt 0:00:02]} 24. Rf1 {[%emt 0:00:07]} Rxf1+ {[%emt 0:03:12]} 25. Qxf1 {[%emt 0:00:07]} Ne5 {[%emt 0:00:38]} 26. Qf6 {[%emt 0:03:02]} 1/2-1/2

[Event "1st Lasker Memorial GM 2019"]
[Site "Anogia"]
[Date "2019.09.14"]
[Round "4.2"]
[White "Colijn, Stefan"]
[Black "Delchev, Aleksander"]
[Result "1-0"]
[WhiteElo "2329"]
[BlackElo "2568"]
[Annotator "ChessBase"]
[PlyCount "93"]
[EventDate "2019.09.11"]
[EventType "tourn"]
[EventCountry "GRE"]
[SourceTitle "playchess.com"]
[Source "ChessBase"]
[SourceQuality "1"]
[TimeControl "40/5400+30:1800+30"]

1. e4 c6 {[%emt 0:03:11]} 2. d4 {[%emt 0:01:23]} d5 {[%emt 0:00:05]} 3. exd5 {[%emt 0:00:18]} cxd5 {[%emt 0:00:04]} 4. Bd3 {[%emt 0:00:23]} Nc6 {[%emt 0:00:14]} 5. c3 {[%emt 0:00:08]} e6 {[%emt 0:00:05]} 6. Bf4 {[%emt 0:00:54]} Bd6 {[%emt 0:00:08]} 7. Bxd6 {[%emt 0:00:22]} Qxd6 {[%emt 0:00:04]} 8. Qg4 {[%emt 0:00:33]} g6 {[%emt 0:07:10]} 9. Qg3 {[%emt 0:01:08]} Qxg3 {[%emt 0:08:07]} 10. hxg3 {[%emt 0:00:07]} Nf6 {[%emt 0:00:38]} 11. Nf3 {[%emt 0:10:45]} Bd7 {[%emt 0:00:05]} 12. Nbd2 {[%emt 0:00:46]} Ke7 {[%emt 0:00:17]} 13. Ne5 {[%emt 0:10:20]} h5 {[%emt 0:07:56]} 14. f4 Rag8 {[%emt 0:10:57]} 15. Ndf3 {[%emt 0:15:40]} Ne4 {[%emt 0:02:25]} 16. Bxe4 {[%emt 0:00:54]} dxe4 {[%emt 0:00:08]} 17. Ng5 {[%emt 0:00:24]} f6 {[%emt 0:02:25]} 18. Nxd7 {[%emt 0:04:08]} fxg5 {[%emt 0:00:10]} 19. Nc5 {[%emt 0:00:07]} h4 {[%emt 0:01:43]} 20. Nxe4 {[%emt 0:15:31]} hxg3 {[%emt 0:00:14]} 21. O-O {[%emt 0:01:49]} gxf4 {[%emt 0:07:34]} 22. Rxf4 {[%emt 0:00:23]} e5 {[%emt 0:01:24]} 23. dxe5 {[%emt 0:00:53]} Rf8 {[%emt 0:12:45]} 24. Rg4 {[%emt 0:06:44]} Nxe5 {[%emt 0:00:34]} 25. Rxg3 {[%emt 0:00:11]} Rf4 {[%emt 0:02:51]} 26. Re1 {[%emt 0:00:50]} Rfh4 {[%emt 0:05:35]} 27. Nf2 {[%emt 0:01:48]} Kd6 {[%emt 0:02:32]} 28. Rge3 {[%emt 0:02:11]} R8h5 {[%emt 0:03:15]} 29. g3 {[%emt 0:03:30]} Ra4 {[%emt 0:00:18]} 30. R1e2 {[%emt 0:12:50]} Rf5 {[%emt 0:06:36]} 31. b3 {[%emt 0:02:43]} Ra5 {[%emt 0:00:01]} 32. Kg2 {[%emt 0:00:49]} Rd5 {[%emt 0:01:13]} 33. Re4 {[%emt 0:01:19]} b5 {[%emt 0:00:47]} 34. a4 {[%emt 0:02:03]} a6 {[%emt 0:01:01]} 35. axb5 {[%emt 0:00:58]} axb5 {[%emt 0:00:01]} 36. Ra2 {[%emt 0:00:14]} Kc7 {[%emt 0:03:22]} 37. g4 {[%emt 0:00:52]} Rf6 {[%emt 0:03:13]} 38. Rae2 {[%emt 0:02:27]} Nd3 {[%emt 0:06:26]} 39. Nxd3 {[%emt 0:01:59]} Rxd3 {[%emt 0:00:01]} 40. R2e3 {[%emt 0:00:00]} Rfd6 {[%emt 0:00:00]} 41. Kf3 {[%emt 0:05:19]} Rd1 {[%emt 0:05:58]} 42. Kf4 {[%emt 0:00:26]} Rb1 {[%emt 0:00:05]} 43. Rb4 {[%emt 0:00:43]} Rd5 {[%emt 0:01:13]} 44. Re5 {[%emt 0:01:47]} Rd3 {[%emt 0:01:54]} 45. Rc5+ {[%emt 0:02:03]} Kd6 {[%emt 0:00:04]} 46. Rcxb5 {[%emt 0:00:16]} Rxc3 {[%emt 0:00:05]} 47. Kg5 {[%emt 0:00:28]} 1-0

[Event "1st Lasker Memorial GM 2019"]
[Site "Anogia"]
[Date "2019.09.14"]
[Round "4.3"]
[White "Alexakis, Georgios"]
[Black "Hristodoulou, Panagiotis"]
[Result "0-1"]
[WhiteElo "2175"]
[BlackElo "2280"]
[Annotator "NA"]
[PlyCount "78"]
[EventDate "2019.09.11"]
[EventType "tourn"]
[EventCountry "GRE"]
[SourceTitle "playchess.com"]
[Source "ChessBase"]
[SourceQuality "1"]
[TimeControl "40/5400+30:1800+30"]

1. d4 {[%emt 0:01:41]} d5 {[%emt 0:00:00]} 2. Bf4 {[%emt 0:00:39]} c5 {[%emt 0:00:00]} 3. e3 {[%emt 0:01:03]} Nc6 {[%emt 0:00:00]} 4. c3 {[%emt 0:04:44]} Bf5 {[%emt 0:00:16]} 5. Nf3 {[%emt 0:05:05]} Qb6 {[%emt 0:07:51]} 6. b3 {[%emt 0:09:20]} Nf6 {[%emt 0:01:24]} 7. Nbd2 {[%emt 0:01:45]} h6 {[%emt 0:02:51]} 8. h3 {[%emt 0:01:05]} e6 {[%emt 0:00:11]} 9. Be2 {[%emt 0:03:00]} cxd4 {[%emt 0:02:46]} 10. exd4 {[%emt 0:04:18]} Ba3 {[%emt 0:00:57]} 11. g4 {[%emt 0:02:48]} Bh7 {[%emt 0:05:13]} 12. g5 {[%emt 0:04:54]} hxg5 {[%emt 0:00:21]} 13. Nxg5 {[%emt 0:00:21]} Bf5 {[%emt 0:00:31]} 14. Ndf3 {[%emt 0:04:16]} Bb2 {[%emt 0:00:18]} 15. Rc1 {[%emt 0:00:05]} Bxc1 {[%emt 0:00:43]} 16. Qxc1 {[%emt 0:00:08]} Rc8 {[%emt 0:01:31]} 17. Qe3 {[%emt 0:02:44]} Ng4 {[%emt 0:10:14]} 18. hxg4 {[%emt 0:03:42]} Rxh1+ {[%emt 0:00:09]} 19. Kd2 {[%emt 0:00:14]} Be4 {[%emt 0:03:48]} 20. Nxe4 {[%emt 0:03:14]} dxe4 {[%emt 0:00:11]} 21. Qxe4 {[%emt 0:00:07]} Qa5 {[%emt 0:00:36]} 22. a4 {[%emt 0:06:45]} Qd5 {[%emt 0:02:50]} 23. Ng5 {[%emt 0:00:31]} Rh4 {[%emt 0:17:04]} 24. Bc4 {[%emt 0:07:25]} Qxe4 {[%emt 0:01:06]} 25. Nxe4 {[%emt 0:00:04]} Rxg4 {[%emt 0:00:32]} 26. Ke3 {[%emt 0:00:30]} Ke7 {[%emt 0:04:39]} 27. Be2 {[%emt 0:04:45]} Rg1 {[%emt 0:01:15]} 28. Nd6 {[%emt 0:04:14]} Rb8 {[%emt 0:00:21]} 29. Bf3 {[%emt 0:01:06]} f6 {[%emt 0:06:47]} 30. Bh2 {[%emt 0:02:26]} Rb1 {[%emt 0:04:24]} 31. b4 {[%emt 0:01:22]} e5 {[%emt 0:05:41]} 32. dxe5 {[%emt 0:06:51]} Nxe5 {[%emt 0:01:15]} 33. Bxe5 {[%emt 0:00:40]} fxe5 {[%emt 0:00:05]} 34. Nb5 {[%emt 0:00:42]} a6 {[%emt 0:00:25]} 35. Nc7 {[%emt 0:00:08]} Kd6 {[%emt 0:01:20]} 36. Nd5 {[%emt 0:00:04]} Rf8 {[%emt 0:01:09]} 37. Nb6 {[%emt 0:01:07]} Rxf3+ {[%emt 0:07:24]} 38. Kxf3 {[%emt 0:00:05]} Rb3 {[%emt 0:00:04]} 39. Nc4+ {[%emt 0:00:05]} Ke6 {[%emt 0:00:05]} 0-1